| 000 | 003080000a22000970004500 | ||
|---|---|---|---|
| 100 | 1 | _aAriza T., José Hernán | |
| 245 | 1 | 0 | _aXLIV (44) Asamblea general de la iglesia evangélica luterana de Colombia |
| 300 | _aVol.4, núm.1 (Mayo, 1996), Páginas 24-26 | ||
| 773 | 0 | _tLa Voz Luterana de Colombia | |
| 942 | _cANA | ||
| 999 |
_c60890 _d60890 |
||